书目信息 |
| 题名: |
边际教学之“美”
|
|
| 作者: | 娄小明 著 | |
| 分册: | ||
| 出版信息: | 南昌 江西教育出版社 2018 |
|
| 页数: | 194页 | |
| 开本: | 24cm | |
| 丛书名: | 组块教学·智慧教师研修书系 | |
| 单 册: | ||
| 中图分类: | G633.955.2 | |
| 科图分类: | ||
| 主题词: | 美术课--教学研究--中小学 | |
| 电子资源: | ||
| ISBN: | 978-7-5705-0834-1 | |
| 000 | 00939oam2 2200253 450 | |
| 001 | 012001003017 | |
| 005 | 20131101110336.0 | |
| 010 | @a978-7-5705-0834-1@dCNY29.80 | |
| 100 | @a20190612d2018 em y0chiy50 ea | |
| 101 | 0 | @achi |
| 102 | @aCN@b360000 | |
| 105 | @aak z 000yy | |
| 106 | @ar | |
| 200 | 1 | @a边际教学之“美”@Abian ji jiao xue zhi “ mei ”@f娄小明著 |
| 210 | @a南昌@c江西教育出版社@d2018 | |
| 215 | @a194页@c图@d24cm | |
| 225 | 2 | @a组块教学·智慧教师研修书系 |
| 330 | @a本书作者着力从哲学、艺术、教育等方面展开,提出自己对边际的感悟,阐述边际教育观、边际教学的课程观、边际教学过程观、边际教学师生观、编辑教学模式、边际教学的研课方式......从中去把握那个最美丽的“点”,去实现教育的智慧。 | |
| 410 | 0 | @12001 @a组块教学·智慧教师研修书系 |
| 606 | 0 | @a美术课@x教学研究@x中小学 |
| 690 | @aG633.955.2@v5 | |
| 701 | 0 | @a娄小明@Alou xiao ming@4著 |
| 801 | @b江苏凤凰@c20191020 | |
| 905 | @b1231651-6@dG633.955.2@e168@f6 | |
| 边际教学之“美”/娄小明著.-南昌:江西教育出版社,2018 |
| 194页:图;24cm.-(组块教学·智慧教师研修书系) |
| ISBN 978-7-5705-0834-1:CNY29.80 |
| 本书作者着力从哲学、艺术、教育等方面展开,提出自己对边际的感悟,阐述边际教育观、边际教学的课程观、边际教学过程观、边际教学师生观、编辑教学模式、边际教学的研课方式......从中去把握那个最美丽的“点”,去实现教育的智慧。 |
| ● |
| 相关链接 |
|
|
|
|
正题名:边际教学之"美"
索取号:G633.955.2/168
 
预约/预借
| 序号 | 登录号 | 条形码 | 馆藏地/架位号 | 状态 | 备注 |
| 1 | 1231651 | 212316518 | 第一样本阅览室/ [索取号:G633.955.2/168] | 在馆 | |
| 2 | 1231652 | 212316527 | 教育系资料室/ [索取号:G633.955.2/168] | 在馆 | |
| 3 | 1231653 | 212316536 | 教育系资料室/ [索取号:G633.955.2/168] | 在馆 | |
| 4 | 1231654 | 212316545 | 教育系资料室/ [索取号:G633.955.2/168] | 在馆 | |
| 5 | 1231655 | 212316554 | 第四借阅区/ [索取号:G633.955.2/168] | 在馆 | |
| 6 | 1231656 | 212316563 | 第四借阅区/ [索取号:G633.955.2/168] | 在馆 |